Statistiques concernant Apprendre l'anglais (vocabulaire du sport)

Cliquez ici pour prendre le quiz!

Statistiques générales

  • Ce quiz a été pris 65 fois
    (47 depuis la dernière actualisation)
  • Le résultat moyen est 18 sur 125

Statistiques - réponses

HintRéponse% Correct
Les joueursplayers
69%
Le tennistennis
69%
Le championnatchampionship
60%
Le footballsoccer/ football
60%
Un butgoal
54%
La natatinonswimming
46%
Le basketballbasketball
43%
Un nageurswimmer
43%
Un entraineurcoach
40%
La boxeboxing
37%
Le rugbyrugby
37%
S’entraînerto train/ to practice
37%
La finalefinal
34%
Un tournoitournament
34%
Une victoirevictory
34%
Un carton jauneyellow card
34%
Un défichallenge
31%
Handballhandball
31%
Le football américainamerican football
29%
Un fanfan
29%
La première mi-tempsfirst half
29%
Un gardiengoalkeeper
29%
Un carton rougered card
29%
Un tacletackle
29%
Un arcbow
26%
Un évènementevent
26%
La deuxième mi-tempssecond half
26%
Une piscineswimming pool
26%
Égalité/ match nuldraw/ tie
23%
Un ringring
23%
La demi-finalsemi-final
23%
Un aceace
20%
Un défenseurdefender
20%
La mi-tempshalf-time
20%
Un trophéetrophy
20%
Le champion du mondeworld champion
20%
Un athlèteathlete
17%
Les bicepsbiceps
17%
Une défaitedefeat
17%
Un attaquantforward
17%
Une fautefoul
17%
L'équitationhorse riding
17%
Un milieumidfielder
17%
Une courserace
17%
Un arbitrereferee
17%
Une cibletarget
17%
Être hors-jeuto be offside
17%
Marquerto score
17%
Nagerto swim
17%
Un ailierwinger
17%
Des flèchesarrows
14%
La plongéediving
14%
Un coup francfree kick
14%
Le coup d’envoikick-off
14%
Un adversaireopponent
14%
Un supportersupporter
14%
Faire du skito ski
14%
Les tricepstriceps
14%
Une terrain de footballfootball pitch
11%
La randonnéehIking
11%
Une passepass
11%
Le quart de finalquarter-final
11%
Un remplaçantsubstitute
11%
Tricherto cheat
11%
Servirto serve
11%
Un amateuramateur
9%
Une battebat
9%
Une crampecramp
9%
Un serviceservice
9%
Une planche de surfsurfboard
9%
L'esprit d’équipeteam spirit
9%
Une séance d’entraînementtraining session
9%
Les adducteursadductors
6%
Des gants de boxeboxing gloves
6%
Un avant-centrecenter-forward
6%
La fin du matchfull time
6%
Un sportifsportsman
6%
Une touchethrow-in
6%
Marquer un essaito score a try
6%
Transpirerto sweat
6%
La luttewrestling
6%
Le tir à l'arcarchery
3%
Être disqualifiébe disqualified
3%
Les molletscalves
3%
Les vestiaireschanging room
3%
Un concurrentcompetitor
3%
Les prolongationsextra-time
3%
L'escrimefencing
3%
La gymnastiquegymnastics
3%
Les pectorauxpectorals
3%
Un cavalierrider
3%
L'avironrowing
3%
Une mêléescrum
3%
Être en bonne condition physiqueto be fit
3%
Frapper la balleto kick the ball
3%
Reporter un matchto postpone a match
3%
Les abodominauxabdominal muscles
0%
Les fessiersbuttocks
0%
Puis-je obtenir une bourse en pratiquant ce sport ?Can I get a scholarship by practicing this sport ?
0%
Le receveurcatcher
0%
Faut-il avoir une carte étudiante pour s’inscrire ?Do I need a student card to register ?
0%
Des palmesflippers
0%
Un concours hippiquehorse show
0%
Comment puis-je m’inscrire dans un club ?How can I join a club ?
0%
Une patinoireice rink
0%
Des patins à glaceice skates
0%
Les lombaireslower back
0%
Un tir de pénalitépenalty kick
0%
Un terrain de sportplaying field
0%
L'escaladerock climbing
0%
Une sellesaddle
0%
Un patineurskater
0%
Nager avec un tubasnorkel
0%
Des vêtements de sportsportswear
0%
Des lunettes de plongéeswimming goggles
0%
Demander une licenceto apply for a licence
0%
Être en pleine formeto be in top shape
0%
Être hors d’haleineto be out of breath
0%
Sifflerto blow the whistle
0%
Acclamer / encouragerto cheer
0%
Galoperto galop
0%
Passer professionnelto turn professional
0%
Quels sont les jours et les heures d’entrainement pour ma catégorie ?What are the training days and hours for my category ?
0%
Remporter la médaille d’orwin a gold medal
0%
La planche à voilewindsurfing
0%

Distribution des résultats

Percentile par nombre de réponses

% des personnes avec chaque résultat

Votre développement - résultats

Vous n’avez pas pris ce quiz depuis la dernière actualisation